000
00318nam a22001337a 4500
008
171005b xxu||||| |||| 00| 0 eng d
020
_a
9780890420256
041
_a
eng
080
_a
159.9
100
_a
48
101
_a
PSI
245
_a
DIAGNOSTIC AND STATISTICAL MANUAL OF MENTAL DISORDERS
_c
APA
942
_2
udc
_c
BK
999
_c
31882
_d
31882